000 00802nam a2200241 a 4500
001 71998
003 BD-RjUL
005 20211209082210.0
008 170511d1957 nyuax b 0 1 0eng d
035 _a(BD-RjUL)72214
040 _aDLC
_beng
_cBD-RjUL
_dOCoLC
041 _aeng
082 0 4 _a547
_223
_bTEC 1957
245 0 0 _aTechnique of inorganic chemistry /
_ceditor, Arnold Weissberger.....[et al.]
250 _a2nd completly rev. & aug. ed.
260 _aNew York :
_bInterscience Publishers,
_c1957.
300 _a v., pt. :
_bill. ;
_c24 cm.
504 _aIncludes Bibliography and Index.
505 0 _aVol. 3 -- Pt. 2. Laboratory Engineering--v. 3.-- Pt. 1. Sepation and purification--
650 _aChemistry, Organic
_9212955
700 1 _aWeissberger, Arnold
_9212956
942 _2ddc
_cBK
999 _c71998
_d71998